Word Smuggling Quiz Stats

 Plays Quiz Updated Jan 20, 2019

Support Sporcle.
Go Orange.
Score 0/28 Timer 07:00
1 Play Today
% Correct
tune
90.2%
arm
90%
two
88.4%
sore
88.4%
get
87.8%
win
87%
sage
86.1%
over
85.9%
out
85.2%
any
85.1%
cell
84.9%
east
84.7%
vent
84.3%
fun
83.9%
% Correct
how
81.8%
star
81.7%
earn
80.7%
take
80.3%
ache
79.9%
had
78.5%
last
77.3%
zoo
75.1%
but
74.7%
lime
74.6%
scar
73.1%
lick
72.3%
clam
70.7%
heat
70.2%

From the Vault

DC Superhero by Origin Story

by BorezU

If you wanted to write a new DC movie, this might be a good place to start.
Remove Ads.
Support Sporcle.
Get the best of Sporcle when you Go Orange. This ad-free experience offers more features, more stats, and more fun while also helping to support Sporcle. Thank you for becoming a member.

Show Comments

Extras

Top Quizzes Today


Score Distribution

Your Account Isn't Verified!

In order to create a playlist on Sporcle, you need to verify the email address you used during registration. Go to your Sporcle Settings to finish the process.

Report this User

Report this user for behavior that violates our Community Guidelines.

Details: